000 01422cam a2200397Ia 4500
001 45589760
003 PE-LiUPU
005 20250731175647.0
008 000530s2000 enk 001 0 eng d
020 _a184127030X
020 _a184127139X (pbk.)
040 _aEQO
_cPE-LiUPU
_dPE-LiUPU
_bspa
_erda
041 0 _aeng
_bakk
049 _aEXNW
082 0 4 _a492.1
_223
_bR524h
090 _aKL2212.1
_b.R53 2000
100 1 _aRichardson, M. E. J.
_q(Mervyn Edwin John),
_d1943-
245 1 0 _aHammurabi's laws :
_btext, translation and glossary /
_cM.E.J. Richardson.
264 _aSheffield :
_bSheffield Academic Press,
_cc2000.
300 _a423 páginas ;
_c24 cm.
440 0 _aBiblical seminar ;
_v73.
440 0 _aSemitic texts and studies ;
_v2.
504 _aIncluye índice.
505 _aOutline contents of Hammurabi's laws -- The laws: text and translation -- Glossary -- Proper names, numerals and units of measurement -- Roots and stems -- Verbal forms -- English-Akkadian index -- Akkadian-english index.
526 _aP145
526 _aP127
526 _aP97
526 _aP35
526 _aP14
526 _aP07
600 0 0 _aHammurabi,
_cRey de Babilonia.
650 1 4 _aDerecho
_zIraq
_zBabilonia
_vFuentes.
_95063
650 2 4 _aAcadio.
_95064
942 _2ddc
_cBK
_n0
999 _c62863
_d62862
980 _618226
_aJaime Vilcazán Jefe de Análisis Documental
_81
_gALBERTO SANCHEZ Responsable de Automatización